000 00252nam a2200109Ia 4500
008 190914s9999||||xx |||||||||||||| ||und||
100 _aDoctor Younis Husni
245 0 _aKaweshain
260 _aLahore
_bFiction House
_c2001
300 _a606
942 _cBK
999 _c9301
_d9301